000 00564nam a2200181Ia 4500
003 LK-CoDNM
005 20240213104834.0
008 010623t1938 xxu||||| |||| 00| 1 Pali d
040 _aLK-CoDNM
_dLK-CoDNM
_eLK-CoDNM
041 _aPali
_asin
080 _a104
_bS 27
245 _aරත්නත්‍රය චිත්ත පර්සන්නානි සංස ගාථා සන්නය
246 _aRathnaththraya chiththa prasannaani sansa gathaa sannaya
260 _c1938
300 _b13p., 25 cm
650 _aPalm leaf manuscript
942 _cBK
999 _c99051
_d99051